Harry Houdini, master of magic. (Record no. 110993)
[ view plain ]
| 000 -LEADER | |
|---|---|
| fixed length control field | 00588nam a2200157 a 4500 |
| 005 - DATE AND TIME OF LATEST TRANSACTION | |
| control field | 20140414131907.0 |
| 008 - FIXED-LENGTH DATA ELEMENTS--GENERAL INFORMATION | |
| fixed length control field | 100930s19uu xx 00 eng d |
| 050 ## - LIBRARY OF CONGRESS CALL NUMBER | |
| Classification number | M 793.8 |
| Item number | K85 1973 |
| 100 ## - MAIN ENTRY--PERSONAL NAME | |
| Personal name | Kraske, Robert. |
| 245 ## - TITLE STATEMENT | |
| Title | Harry Houdini, master of magic. |
| 260 ## - PUBLICATION, DISTRIBUTION, ETC. (IMPRINT) | |
| Place of publication, distribution, etc | New York : |
| Name of publisher, distributor, etc | Scholastic , |
| Date of publication, distribution, etc | 1973. |
| 520 ## - SUMMARY, ETC. | |
| Summary, etc | A brief biography of Ehrich Weiss, who gained renown as Harry Houdini, master magician and escape artist. |
| 650 ## - SUBJECT ADDED ENTRY--TOPICAL TERM | |
| Topical term or geographic name as entry element | Magicians --United States --Biography --Juvenile literature. |
| 650 ## - SUBJECT ADDED ENTRY--TOPICAL TERM | |
| Topical term or geographic name as entry element | Houdini, Harry, 1874-1926 --Juvenile literature. |
| Withdrawn status | Lost status | Damaged status | Home library | Current library | Shelving location | Date acquired | Total Checkouts | Full call number | Barcode | Date last seen | Price effective from | Koha item type |
|---|---|---|---|---|---|---|---|---|---|---|---|---|
| Munich Library | Munich Library | Main Section | 09/30/2010 | M 793.8 K85 1973 | M1541 | 04/14/2014 | 04/14/2014 | Books |